Guess the Knockoff Pikachu's Quiz - Statistics

General Stats
  • This quiz has been taken 18 times
    13 since last reset
  • The average score is 5 of 7
Answer Stats
Hint Answer % Correct
Kalos Dedenne
80%
Paldea Pawmi
80%
Hoenn Minun/Plusle
70%
Galar Morpeko
70%
Sinnoh Pachirisu
70%
Unova Emolga
50%
Alola Togedemaru
40%
No matching quizzes found
Score Distribution
Percent of People with Each Score
Percentile by Number Answered
Your Score History
You have not taken this quiz since the last reset